[Event "85th Tata Steel Qualifier"]
[Site "Wijk aan Zee NED"]
[Date "2023.01.23"]
[Round "4.2"]
[White "De Winter, Arthur"]
[Black "Lopez, Jasel"]
[Result "1-0"]
[WhiteTitle "FM"]
[BlackTitle "IM"]
[WhiteElo "2371"]
[BlackElo "2434"]
[WhiteFideId "1069020"]
[BlackFideId "15900045"]
[EventDate "2023.01.20"]

1. e4 c5 2. Nf3 d6 3. d4 cxd4 4. Nxd4 Nf6 5. Nc3 g6 6. Be3 Bg7 7. f3 O-O 8. Qd2
Nc6 9. O-O-O d5 10. exd5 Nxd5 11. Nxc6 bxc6 12. Bd4 e5 13. Bc5 Be6 14. Ne4 Re8
15. h4 h6 16. g4 Qc7 17. Bc4 Red8 18. Qf2 Nf4 19. Bxe6 Nxe6 20. h5 g5 21. Be3
Rd5 22. Qe2 Rb8 23. Qc4 Qb7 24. b3 Rbd8 25. c3 Qd7 26. Rd2 Rxd2 27. Bxd2 Qd5 28.
Be3 Qa5 29. Qa4 Qd5 30. Qxa7 Qd3 31. Re1 Nf4 32. Bb6 Re8 33. Qa4 Re6 34. Qc4
Qxf3 35. Rd1 Ne2+ 36. Kb2 Nd4 37. Qd3 Qxg4 38. cxd4 exd4 39. Re1 Qxh5 40. Rf1
Qg6 41. Nc5 Re2+ 42. Kb1 Qh5 43. Qf5 Rh2 44. Qc8+ Kh7 45. Qxc6 Qe2 46. Qe4+
Qxe4+ 47. Nxe4 d3 48. Nf2 g4 49. Bc7 Rg2 50. Nxd3 Kg8 51. Be5 h5 52. Bxg7 Kxg7
53. Rh1 Rd2 54. Nf4 Rf2 55. Nxh5+ Kg6 56. a4 Rf5 57. Ng3 Rf3 58. Ne4 Rxb3+ 59.
Kc2 Rb4 60. Nc3 f5 61. a5 Rb8 62. a6 Ra8 63. Ra1 f4 64. Kd3 Kf5 65. Ke2 Ke6 66.
a7 Kd7 67. Ra6 Kc7 68. Rg6 Kb7 69. Nb5 f3+ 70. Kf2 Rh8 71. Rxg4 Kb6 72. Ra4 Ra8
73. Nd6 Kc7 74. Ra6 Kd8 75. Kxf3 Kc7 76. Ke4 Kd8 77. Kd5 Kd7 78. Nb5 1-0

[Event "85th Tata Steel Qualifier"]
[Site "Wijk aan Zee NED"]
[Date "2023.01.28"]
[Round "8.3"]
[White "Van der Werf, Mark"]
[Black "Pijpers, Arthur"]
[Result "0-1"]
[WhiteTitle "IM"]
[BlackTitle "IM"]
[WhiteElo "2412"]
[BlackElo "2445"]
[WhiteFideId "1000470"]
[BlackFideId "1019554"]
[EventDate "2023.01.20"]

1. d4 Nf6 2. c4 g6 3. Nc3 Bg7 4. e4 d6 5. h3 O-O 6. Bg5 c5 7. d5 e6 8. Bd3 exd5
9. cxd5 b5 10. Bxb5 h6 11. Bd2 Nbd7 12. Nge2 Rb8 13. Qc2 Nh5 14. g4 Ne5 15.
O-O-O a6 16. Ba4 Nf6 17. Nb1 Nxe4 18. Qxe4 f5 19. Qc2 fxg4 20. Ng3 Rxf2 21. Rdf1
c4 22. Rxf2 Nd3+ 23. Qxd3 Bxb2+ 24. Kc2 cxd3+ 25. Kxd3 Be5 26. Ne4 Bf5 27. Nc3
Qa5 28. Bb3 Bxe4+ 29. Nxe4 Rxb3+ 30. axb3 Qxd5+ 31. Ke3 Qd4+ 0-1

[Event "85th Tata Steel Qualifier"]
[Site "Wijk aan Zee NED"]
[Date "2023.01.29"]
[Round "9.4"]
[White "Lopez, Jasel"]
[Black "Zwirs, Nico"]
[Result "1/2-1/2"]
[WhiteTitle "IM"]
[BlackTitle "IM"]
[WhiteElo "2434"]
[BlackElo "2467"]
[WhiteFideId "15900045"]
[BlackFideId "1036432"]
[EventDate "2023.01.20"]

1. c4 e6 2. Nc3 d5 3. d4 Nf6 4. cxd5 exd5 5. Bg5 Bb4 6. e3 h6 7. Bh4 g5 8. Bg3
h5 9. Bd3 h4 10. Be5 Nbd7 11. Qb3 Bxc3+ 12. Qxc3 Nxe5 13. dxe5 Ne4 14. Bxe4 dxe4
15. Rd1 Qe7 16. Rd4 Bf5 17. f4 exf3 18. Nxf3 g4 19. Nd2 Bd7 20. e6 fxe6 21. Qxc7
Rc8 22. Qe5 Rf8 23. Ne4 Kd8 24. Qa5+ Rc7 25. Qxa7 e5 26. Qa8+ Rc8 27. Qa5+ Rc7
28. Rd5 Qe6 29. Rxe5 Qc6 30. Rc5 b6 31. Rxc6 bxa5 32. Rxc7 Kxc7 33. Rf1 Rb8 34.
Rf2 Bc6 35. Nc3 g3 36. hxg3 hxg3 37. Re2 Kd6 38. Kf1 Ke5 39. Rd2 Bb7 40. Kg1 Rf8
41. e4 Ba6 42. Rd5+ Ke6 43. Rd1 Rf2 44. b3 Rc2 45. Nd5 Ke5 46. Ne3 Rxa2 47. Nf5
Kf4 48. Re1 Rb2 49. Nd4 Bb7 50. Ne6+ Kg4 51. Nc5 Ba8 52. Rc1 Kg5 53. Kf1 Rf2+
54. Kg1 Rb2 55. Kf1 Rf2+ 56. Kg1 Rd2 57. Kf1 Rf2+ 58. Kg1 1/2-1/2